000 02056cam a22002054a 4500
005 20250605164115.0
008 250528s ||||||||||||||||||||||||d
035 _a18062
020 _a9600802335
040 _aGR-AtMCL
_bgre
_dGR-AtMCL
_eAACR2
245 1 _aΕισαγωγή στις Ευρωπαϊκές Σπουδές / Ιστορία, Θεσμοί και Δίκαιο.
_nΤόμος Α'
260 _bΙ. Σιδέρης,
_c2001
300 _a616
520 _aΠρόλογος, Προλεγόμενα, Θεωρία της Ευρωπαϊκής Ολοκλήρωσης, Η Ευρωπαϊκή Ένωση στην Αρχή του 21ου Αιώνα: Μια Πανοραμική Εικόνα, Η Ιστορική Διαδρομή της Ευρωπαϊκής Ενοποίησης, Θεωρία Περιφερειακής Ολοκλήρωσης, Δομή και Λειτουργία της ΕΚ/ ΕΕ, Στόχοι και Μέθοδοι της Ευρωπαϊκής Ολοκλήρωσης, Κατανομή Αρμοδιοτήτων, Θεσμική Συγκρότηση: Όργανα Λήψης Αποφάσεων, Οι Κοινοτικές Διαδικασίες Λήψης Αποφάσεων, Κοινωνικές και Πολιτικές Δυνάμεις στην Ευρωπαϊκή Ένωση, Έννομη Τάξη της ΕΚ/ ΕΕ, Θεμελιώδη Χαρακτηριστικά του Κοινοτικού Δικαίου, Το Δικαιοδοτικό Σύστημα, Ο Χώρος Ελευθερίας και Ασφάλειας και Δικαιοσύνης στην ΕΕ, Εξωτερικές Σχέσεις της ΕΚ/ ΕΕ, Η Κοινή Εμπορική Πολιτική της ΕΚ (ΕΕ), Η Αναπτυξιακή Πολιτική της ΕΕ, Ευρετήριο Εννοιών και Προσώπων και Νομολογίας, Περιεχόμενα.
700 1 _aΣτεφάνου Κωνσταντίνος Α
_91803
700 1 _aΦατούρος Αργύρης
_94351
942 _cBK
999 _c3454
_d3454